000 00845 a2200217 4500
003 Nust
005 20221207192746.0
010 _a 87020985
020 _a0070126097 :
040 _cNust
082 0 0 _a621.381531,COO
100 _aClyde F. Coombs, Jr., editor-in-chief.
_9104399
245 0 0 _aPrinted circuits handbook /
_cClyde F. Coombs, Jr., editor-in-chief.
250 _a3rd ed.
260 _aNew York :
_bMcGraw-Hill,
_cc1988.
300 _a1 v. (various pagings) :
_bill. ;
_c24 cm.
505 _aIntroduction To Printed Wiring (Page-1), Engineering (Page4), Fabrication (Page-10), Assembly And Test (Page-18), Soldering (Page-23), Quality And Reliability (Page-28), Multilayer Circuits (Page-31), Flexible Circuits (Page-35).
650 0 _aTelecommunication Engineering
700 1 _aCoombs, Clyde F.
_967868
942 _2ddc
_cBK
999 _c182374
_d182374